The theory of architecture : concepts, themes & practices (Record no. 8116)

000 -LEADER
fixed length control field 00328nam a22001217a 4500
008 - FIXED-LENGTH DATA ELEMENTS--GENERAL INFORMATION
fixed length control field 200804b ||||| |||| 00| 0 eng d
020 ## - INTERNATIONAL STANDARD BOOK NUMBER
International Standard Book Number 9788126572021
082 ## - DEWEY DECIMAL CLASSIFICATION NUMBER
Classification number 720.1
Item number JOH
100 ## - MAIN ENTRY--PERSONAL NAME
Personal name Johnson, Paul-Alan
245 ## - TITLE STATEMENT
Title The theory of architecture : concepts, themes & practices
260 ## - PUBLICATION, DISTRIBUTION, ETC. (IMPRINT)
Place of publication, distribution, etc London
Name of publisher, distributor, etc Wily
Date of publication, distribution, etc 1994
942 ## - ADDED ENTRY ELEMENTS (KOHA)
Source of classification or shelving scheme
Holdings
Withdrawn status Lost status Source of classification or shelving scheme Damaged status Koha normalized classification for sorting Not for loan Permanent location Current location Date acquired Full call number Barcode Date last seen Price effective from Koha item type Source of acquisition Cost, normal purchase price Cost, replacement price
        720_100000000000000_JOH   BMS College of Architecture, Design and Planning BMS College of Architecture, Design and Planning 2020-08-04 720.1 JOH AR-UG1770 2020-08-04 2020-08-04 UG Books      
        720_100000000000000_JOH   BMS College of Architecture, Design and Planning BMS College of Architecture, Design and Planning 2022-04-07 720.1 JOH AR-PG508 2022-04-07 2022-04-07 PG Books 6 1189.30 1699.00
Copyright © 2025, The Librarian, Library and Information Centre, BMSCA D&P, Bengaluru. All Rights Reserved
web counter

Powered by Koha